000 01016nam a2200325Ia 4500
001 60245
003 IT-RoPAU
008 130308s9999 xx 000 0 und d
040 _aIT-RoPAU
040 _cIT-RoPAU
041 _aFRANCESE
100 _aLinsky Leonard
100 _gCodice Aut. SPICS: 21500
240 _aREFERRING
240 _gCodice Tit. Orig. Spics: T0352
245 _aProbleme de la reference (Le)
245 _bProbleme de la Reference (Le)
250 _a1a ed.
260 _aPARIS
260 _bSeuil
260 _c1974 [1° Ed.:1974 - Ed.Ling.Originale:1967]
300 _a"190 p. (prefazione: no ; testo: 190)"
500 _aProblema della referenza Riferimento Rapporto referenza e Filosofia Senso e referenza Teoria delle Descrizioni di Russell referenza Pura referenza e Referente referenza in Strawson Estensionalità e Descrizione
650 _aEPISTEMOLOGIA
650 _eCodice materia Spics: 3051
942 _cBK
957 _71
999 _c65365
_d65365
999 _bSI
999 _g1